History Quiz

Random History or Clickable Quiz
Score 0/13 Timer 05:00
0 Plays Today
% Correct
cheating in a card game
90.9%
Christmas
90.9%
Johnny Cash
87.9%
African-American
87.9%
five-dollar stenson hat
81.8%
Missouri
81.8%
Billy Lyons
72.7%
'to watch them die'
72.7%
Staggerlee
66.7%
riverboat
63.6%
murder
54.5%
Stack Lee
45.5%
Mississippi John Hurt
36.4%
Remove Ads.
Support Sporcle.
Get the best of Sporcle when you Go Orange. This ad-free experience offers more features, more stats, and more fun while also helping to support Sporcle. Thank you for becoming a member.

You're not logged in!

Compare scores with friends on all Sporcle quizzes.
OR
Log In

Show Comments

Extras

Created Jan 22, 2015ReportNominate
Tags:Clickable Quiz, lee

Top Quizzes Today


Score Distribution

Your Account Isn't Verified!

In order to create a playlist on Sporcle, you need to verify the email address you used during registration. Go to your Sporcle Settings to finish the process.

Report this User

Report this user for behavior that violates our Community Guidelines.

Details: